000 00694nam a2200193 i 4500
001 117580
003 ES-MaACL
005 20250801063034.0
007 t|
008 070214s1956 sp r ||||1| spa d
100 1 _aPedro Pons, A.,
_d1898-1971
_989929
245 1 0 _aFormulario Médico Daimon
_b: guía y formulario de terapáutica clínica /
_cdirigido por los profesores A. Pedro Pons y Máximo Soriano Jiménez.
260 _aBarcelona :
_bDaimon,
_c1956.
300 _aXXXVIII, 1016 p. ;
_c24 cm.
650 4 _aMedicamentos-
_vCatálogos.
_9166536
700 1 _aSoriano Jiménez, Máximo,
_d1903-1978
_9107395
852 _aES-MaACL
_jB-4689
_bR.38557
999 _c117580
_d117580